| 000 | 00683nam a22002297a 4500 | ||
|---|---|---|---|
| 999 |
_c1372 _d1372 |
||
| 001 | 1372 | ||
| 003 | BD-JhCC | ||
| 005 | 20171018180720.0 | ||
| 008 | 171018s2010 bg |||| |||| 000 0 ben d | ||
| 020 | _a9847013800958 | ||
| 035 | _a(BD-JhCC)1372 | ||
| 040 |
_aBD-JhCC _dBD-JhCC |
||
| 041 | _aben | ||
| 082 |
_a891.443 _bOSM 2010 |
||
| 100 | _aওসমান, আসমার | ||
| 245 |
_aঅলীক আখ্যান / _cআসমার ওসমান |
||
| 260 |
_aঢাকা: _bবিদ্যাপ্রকাশ, _c২০১০. |
||
| 300 |
_a৬৩ পৃ. : _c২২ সেমি. |
||
| 650 | _aBengali Novel | ||
| 942 |
_2ddc _cBK |
||